[Event "zonal 4"]
[Site "Lvov URS"]
[Date "1990.02.??"]
[Round "7"]
[White "Minasian, Artashes"]
[Black "Tukmakov, Vladimir"]
[Result "0-1"]
[WhiteElo "2480"]
[BlackElo "2570"]
[EventDate "1990.02.16"]
[PlyCount "80"]

1.e4 e6 2.d4 d5 3.Nc3 Nf6 4.Bg5 dxe4 5.Nxe4 Be7 6.Bxf6 Bxf6 7.Nf3 O-O 8.
Qd2 b6 9.O-O-O Bb7 10.Qf4 Nd7 11.Bd3 Be7 12.h4 Nf6 13.Neg5 Bxf3 14.Nxf3 
Qd6 15.Ne5 c5 16.dxc5 Qxc5 17.Rhe1 Rad8 18.Qf3 Rd5 19.Qe2 b5 20.f4 a6 21.
g3 g6 22.Kb1 Rfd8 23.g4 Nd7 24.Nf3 Nb6 25.Ng5 Na4 26.Ne4 Qb4 27.c3 Qxb2+ 
28.Qxb2 Nxb2 29.Kxb2 Rxd3 30.Rxd3 Rxd3 31.f5 exf5 32.gxf5 Bxh4 33.Rh1 Be7 
34.f6 Re3 35.Rh4 Bd8 36.Rf4 Bc7 37.Rh4 Be5 38.Kc2 Rf3 39.a4 h5 40.axb5 
axb5 0-1

[Event "zonal 4"]
[Site "Lvov URS"]
[Date "1990.02.??"]
[Round "8"]
[White "Bareev, Evgeny"]
[Black "Azmaiparashvili, Zurab"]
[Result "1-0"]
[WhiteElo "2590"]
[BlackElo "2610"]
[EventDate "1990.02.16"]
[PlyCount "93"]

1.d4 d6 2.e4 g6 3.Nc3 Bg7 4.f4 Nf6 5.Nf3 c5 6.Bb5+ Bd7 7.e5 Ng4 8.e6 Bxb5 
9.exf7+ Kd7 10.Nxb5 Qa5+ 11.Nc3 cxd4 12.Nxd4 h5 13.Qf3 Nc6 14.Ne2 Raf8 15.
h3 Nf6 16.O-O Kc8 17.Be3 Rxf7 18.Rab1 Nd7 19.b4 Nxb4 20.Qe4 Bxc3 21.Qc4+ 
Nc6 22.Qxf7 Bf6 23.Qxg6 Qxa2 24.Qf5 Qc4 25.Ng3 e6 26.Qe4 Qxe4 27.Nxe4 d5 
28.Nd6+ Kc7 29.Nxb7 a5 30.Nc5 Nxc5 31.Bxc5 a4 32.Rfe1 Re8 33.Kh2 Bc3 34.
Re3 d4 35.Rg3 Nb8 36.Bb4 h4 37.Rf3 Bxb4 38.Rxb4 Nc6 39.Rxa4 Kd6 40.c3 e5 
41.fxe5+ Rxe5 42.Rf6+ Kd5 43.cxd4 Nxd4 44.Rf4 Nf5 45.Ra5+ Ke6 46.Rxe5+ 
Kxe5 47.Rg4 1-0

[Event "zonal 4"]
[Site "Lvov URS"]
[Date "1990.02.??"]
[Round "8"]
[White "Eingorn, Viacheslav"]
[Black "Aseev, Konstantin"]
[Result "0-1"]
[WhiteElo "2570"]
[BlackElo "2545"]
[EventDate "1990.02.16"]
[PlyCount "86"]

1.d4 Nf6 2.Nf3 e6 3.c4 b6 4.g3 Ba6 5.b3 Bb4+ 6.Bd2 Be7 7.Nc3 Bb7 8.Bg2 d5 
9.cxd5 exd5 10.O-O O-O 11.Qc2 Na6 12.Rfd1 Qc8 13.Bg5 Rd8 14.Ne5 c5 15.Rac1
h6 16.Bxf6 Bxf6 17.e3 Nc7 18.f4 cxd4 19.exd4 Be7 20.Qe2 Qe6 21.Qh5 Ba3 22.
Rc2 Ne8 23.Nb5 Bd6 24.Nxd6 Rxd6 25.Re1 Rad8 26.Rce2 Ba6 27.Nc4 Qxe2 28.
Qxe2 dxc4 29.d5 R6d7 30.f5 b5 31.bxc4 bxc4 32.Qe3 Nf6 33.Rd1 Bb7 34.Qxa7 
Bxd5 35.Qb6 c3 36.Bxd5 Nxd5 37.Qc5 Rb8 38.a4 c2 39.Rc1 Nb4 40.Kg2 Rd2+ 41.
Kh3 Nd3 42.Qe3 Nf2+ 43.Kh4 Rb4+ 0-1

[Event "zonal 4"]
[Site "Lvov URS"]
[Date "1990.02.??"]
[Round "8"]
[White "Chernin, Alexander"]
[Black "Minasian, Artashes"]
[Result "1-0"]
[WhiteElo "2600"]
[BlackElo "2480"]
[EventDate "1990.02.16"]
[PlyCount "125"]

1.d4 Nf6 2.c4 c5 3.d5 g6 4.Nc3 d6 5.e4 Bg7 6.Bd3 O-O 7.h3 e6 8.Nf3 exd5 9.
cxd5 a6 10.a4 Re8 11.O-O Nbd7 12.Re1 Nh5 13.Be3 Rb8 14.Rc1 Ne5 15.Be2 
Nxf3+ 16.Bxf3 b5 17.axb5 axb5 18.b4 cxb4 19.Na2 b3 20.Qxb3 Qf6 21.Bxh5 
gxh5 22.Nb4 Qb2 23.Qxb2 Bxb2 24.Rc2 Ba3 25.Bd2 Ra8 26.Rc7 Bb2 27.Nc6 Kg7 
28.Bb4 Bf5 29.Ne7 Bg6 30.Bxd6 Ra4 31.e5 Re4 32.Rxe4 Bxe4 33.f3 Bd3 34.f4 
Bd4+ 35.Kh2 h4 36.e6 Bf2 37.f5 Kf6 38.Nc6 Bxf5 39.Rxf7+ Kg5 40.Be7+ Kf4 
41.Rf8 Rxf8 42.Bxf8 Ke4 43.Ne7 Bxe6 44.dxe6 Ke5 45.Nd5 Kxe6 46.Nc3 Ke5 47.
Nxb5 Ke4 48.Nc3+ Kd3 49.Nd5 Ke4 50.Nf6+ Kf5 51.Ng4 Bd4 52.Kh1 Ke6 53.Bb4 
Kf5 54.Nh2 Bf6 55.Nf3 Kg6 56.Be1 Kh5 57.Kg1 Bd8 58.Kf1 Be7 59.Ke2 Bd8 60.
Kd3 Be7 61.Ke4 Bd8 62.Kf5 Be7 63.Bxh4 1-0

[Event "zonal 4"]
[Site "Lvov URS"]
[Date "1990.02.??"]
[Round "8"]
[White "Lerner, Konstantin"]
[Black "Rozentalis, Eduardas"]
[Result "1/2-1/2"]
[WhiteElo "2560"]
[BlackElo "2520"]
[EventDate "1990.02.16"]
[PlyCount "83"]

1.d4 Nf6 2.c4 e6 3.Nc3 Bb4 4.Qc2 O-O 5.a3 Bxc3+ 6.Qxc3 b6 7.Bg5 Ba6 8.Rc1 
h6 9.Qf3 Nc6 10.Bxf6 Qxf6 11.Qxf6 gxf6 12.e3 Ne7 13.Nf3 c5 14.Be2 cxd4 15.
Nxd4 Rac8 16.Kd2 Rc7 17.f4 Rfc8 18.b3 e5 19.fxe5 fxe5 20.Nf3 f6 21.e4 Bb7 
22.Bd3 a5 23.a4 Ng6 24.Rcd1 Kf7 25.g3 Ke7 26.Ke3 d6 27.Bf1 Rg8 28.Bh3 Bc8 
29.Bxc8 Rcxc8 30.Rhf1 h5 31.Ng1 Ke6 32.Ne2 Ne7 33.Nc3 h4 34.Rf3 hxg3 35.
hxg3 Rg6 36.Nb5 Rd8 37.Kf2 Rh6 38.Kg2 Rd7 39.Rff1 Rg6 40.Rh1 f5 41.Nc3 
fxe4 42.Nxe4 1/2-1/2

[Event "zonal 4"]
[Site "Lvov URS"]
[Date "1990.02.??"]
[Round "8"]
[White "Tukmakov, Vladimir"]
[Black "Malaniuk, Vladimir"]
[Result "0-1"]
[WhiteElo "2570"]
[BlackElo "2505"]
[EventDate "1990.02.16"]
[PlyCount "67"]

1.d4 f5 2.g3 Nf6 3.Bg2 d6 4.Nf3 g6 5.b3 Bg7 6.Bb2 O-O 7.O-O Qe8 8.c4 Na6 
9.d5 c5 10.Nc3 h6 11.Ne1 g5 12.Nd3 Qg6 13.Qd2 Bd7 14.f4 Ng4 15.Nf2 Bd4 16.
Nd1 Qh5 17.h3 Nxf2 18.Nxf2 Bxb2 19.Qxb2 gxf4 20.gxf4 Kh7 21.e4 Rg8 22.e5 
Rg7 23.Kh1 Rag8 24.Rg1 Qh4 25.Qd2 Rg3 26.Rae1 Be8 27.exd6 exd6 28.Kh2 Bh5 
29.Nh1 R3g7 30.Qf2 Qxf2 31.Nxf2 Nb4 32.a4 Nc2 33.Re6 Nd4 34.Rxd6 0-1

[Event "zonal 4"]
[Site "Lvov URS"]
[Date "1990.02.??"]
[Round "8"]
[White "Lputian, Smbat"]
[Black "Shirov, Alexei"]
[Result "1-0"]
[WhiteElo "2545"]
[BlackElo "2500"]
[EventDate "1990.02.16"]
[PlyCount "71"]

1.d4 Nf6 2.c4 g6 3.Nc3 Bg7 4.e4 d6 5.Nf3 O-O 6.Be2 e5 7.O-O Nc6 8.d5 Ne7 
9.Nd2 a5 10.a3 c5 11.Rb1 Ne8 12.b4 axb4 13.axb4 b6 14.bxc5 bxc5 15.Nb3 f5 
16.Bd2 Nf6 17.f3 Nh5 18.Ra1 Rxa1 19.Qxa1 Nf4 20.Bd1 fxe4 21.Nxe4 Bf5 22.
Qa5 Qd7 23.Nc1 Nxg2 24.Ba4 Qc8 25.Nxd6 Qb8 26.Nxf5 Nxf5 27.Kxg2 e4 28.Bg5 
Nd4 29.Bd1 exf3+ 30.Bxf3 Qe5 31.Qd2 Qf5 32.Qe3 h6 33.Be7 Rf7 34.d6 Nxf3 
35.Qxf3 Qc2+ 36.Qe2 1-0

[Event "zonal 4"]
[Site "Lvov URS"]
[Date "1990.02.??"]
[Round "8"]
[White "Dokhoian, Yury"]
[Black "Kharitonov, Andrei"]
[Result "1/2-1/2"]
[WhiteElo "2540"]
[BlackElo "2500"]
[EventDate "1990.02.16"]
[PlyCount "21"]

1.d4 Nf6 2.c4 e6 3.Nc3 Bb4 4.Qc2 c5 5.dxc5 O-O 6.a3 Bxc5 7.Nf3 Qc7 8.b4 
Be7 9.Nb5 Qd8 10.Bf4 Ne8 11.Bxb8 1/2-1/2

[Event "zonal 4"]
[Site "Lvov URS"]
[Date "1990.02.??"]
[Round "8"]
[White "Giorgadze, Giorgi"]
[Black "Dvoirys, Semen"]
[Result "1/2-1/2"]
[WhiteElo "2495"]
[BlackElo "2535"]
[EventDate "1990.02.16"]
[PlyCount "134"]

1.d4 Nf6 2.c4 g6 3.Nc3 d5 4.Nf3 Bg7 5.Qb3 dxc4 6.Qxc4 O-O 7.e4 Bg4 8.Ne5 
Be6 9.d5 Bc8 10.Be2 Ne8 11.Nf3 c6 12.O-O Nd6 13.Qd3 cxd5 14.Nxd5 Be6 15.
Rd1 Nc6 16.Bf4 Qa5 17.Nxe7+ Nxe7 18.Bxd6 Rfd8 19.Qe3 Nc6 20.e5 Re8 21.Qf4 
h6 22.h4 Rac8 23.a4 Qb6 24.b4 a5 25.bxa5 Qxa5 26.Bb5 Bb3 27.Re1 Red8 28.h5
gxh5 29.Rab1 Ba2 30.Rbc1 Be6 31.Qe4 Ra8 32.Bd3 Rxd6 33.exd6 Rd8 34.Qf4 Qb4
35.Qxb4 Nxb4 36.Red1 Bb3 37.Rd2 Bxa4 38.Rc4 Nxd3 39.Rxa4 Nc5 40.Rc4 b6 41.
Rd5 Bf8 42.Rcd4 f6 43.Rxh5 Kf7 44.Nh4 Ne6 45.Rd2 Ng5 46.d7 b5 47.Rd3 b4 
48.Kf1 Ne6 49.Rb5 Nc5 50.Rd5 Ne4 51.Rb6 Bc5 52.Rc6 b3 53.Rdxc5 b2 54.Rb5 
b1=Q+ 55.Rxb1 Nd2+ 56.Ke2 Nxb1 57.Rd6 Nc3+ 58.Kf3 Nb5 59.Rd2 Ke6 60.Ng6 
Nd6 61.Nf4+ Kxd7 62.Kg4 Rg8+ 63.Kh5 Kc6 64.Kxh6 Nf5+ 65.Kh7 Rg7+ 66.Kh8 
Rg4 67.g3 Nxg3 1/2-1/2

[Event "zonal 4"]
[Site "Lvov URS"]
[Date "1990.02.??"]
[Round "9"]
[White "Romanishin, Oleg"]
[Black "Chernin, Alexander"]
[Result "1/2-1/2"]
[WhiteElo "2525"]
[BlackElo "2600"]
[EventDate "1990.02.16"]
[PlyCount "105"]

1.d4 d5 2.c4 c6 3.Nf3 Nf6 4.e3 Bf5 5.Bd3 Bxd3 6.Qxd3 e6 7.O-O Nbd7 8.Nc3 
Bb4 9.Bd2 Bxc3 10.Bxc3 O-O 11.Rfc1 Re8 12.Be1 h6 13.a4 a5 14.Rab1 Ra7 15.
cxd5 exd5 16.b4 axb4 17.Rxb4 Qa8 18.a5 Rxa5 19.Rxb7 Qxb7 20.Bxa5 Ra8 21.
Be1 Ne4 22.Qb1 Qxb1 23.Rxb1 Ra7 24.Rc1 Ra6 25.h3 Ng5 26.Nd2 Ne6 27.Nb3 Ra3
28.Rb1 Ra4 29.Kf1 Ra6 30.Na5 c5 31.Rb7 Nf6 32.dxc5 Nxc5 33.Rb8+ Kh7 34.Rb5
Ne6 35.Nb3 Ra4 36.Rb4 Ra2 37.f3 Rc2 38.Rb5 Rc4 39.Bf2 g5 40.g4 Kg6 41.Ke2 
Rc2+ 42.Ke1 h5 43.Bg3 Rg2 44.Be5 Rg1+ 45.Kf2 Rb1 46.gxh5+ Nxh5 47.Nd4 Rxb5
48.Nxb5 f6 49.Bb2 Nhg7 50.Na7 Nf5 51.Nc6 Kf7 52.Nb4 d4 53.exd4 1/2-1/2

[Event "zonal 4"]
[Site "Lvov URS"]
[Date "1990.02.??"]
[Round "9"]
[White "Dvoirys, Semen"]
[Black "Eingorn, Viacheslav"]
[Result "1-0"]
[WhiteElo "2535"]
[BlackElo "2570"]
[EventDate "1990.02.16"]
[PlyCount "99"]

1.e4 e6 2.d4 d5 3.Nc3 Bb4 4.exd5 exd5 5.a3 Bxc3+ 6.bxc3 Nf6 7.Bd3 O-O 8.
Ne2 c5 9.dxc5 Nbd7 10.O-O Nxc5 11.Bg5 h6 12.Bh4 Re8 13.Rb1 b6 14.Rb4 Ba6 
15.Nd4 Bc4 16.Nf5 Nce4 17.Bxc4 dxc4 18.Rxc4 Qd5 19.Ne7+ Rxe7 20.Qxd5 Nxd5 
21.Bxe7 Nd2 22.Rd4 Nxf1 23.Rxd5 Re8 24.Rd7 Nd2 25.Rxa7 Nb1 26.Kf1 Rc8 27.
Rd7 Kh7 28.Bb4 Nxc3 29.Ke1 f6 30.f3 h5 31.Kd2 Na4 32.Ra7 Nb2 33.Bc3 Nc4+ 
34.Kd3 Kg6 35.Bd4 b5 36.a4 Na3 37.c3 bxa4 38.Rxa4 Nb5 39.c4 Nc7 40.c5 Kf5 
41.Kc4 Ke6 42.Bf2 g5 43.Bg3 h4 44.Bxc7 Rxc7 45.Ra2 Rb7 46.Re2+ Kd7 47.Kd5 
Rb3 48.h3 Rd3+ 49.Ke4 Rc3 50.Kf5 1-0

[Event "zonal 4"]
[Site "Lvov URS"]
[Date "1990.02.??"]
[Round "9"]
[White "Kharitonov, Andrei"]
[Black "Giorgadze, Giorgi"]
[Result "1/2-1/2"]
[WhiteElo "2500"]
[BlackElo "2495"]
[EventDate "1990.02.16"]
[PlyCount "22"]

1.d4 d5 2.c4 c6 3.Nf3 Nf6 4.e3 Bf5 5.Bd3 Bxd3 6.Qxd3 e6 7.O-O Bd6 8.Nc3 
O-O 9.e4 dxe4 10.Nxe4 Nxe4 11.Qxe4 Nd7 1/2-1/2